00579nam a2200205Ia 4500008004100000050001600041050001800057100002500075245006100100245002500161260001200186260003500198260000900233300001600242300002000258300001100278500004100289650002100330650002200351160303s9999 xx 000 0 und d aFIL HG 1615 b.L36 2003 c.2 aLaman, Rose Marie B. aCommercial bank organization, operation and management / cRose Marie B. Laman. aManila: bGIC Enterprises and Co,. Inc., c2003 a292 pages : billustrations ; c22 cm. aIncludes bibliographical references. aBank management. aCommercial bank.